000 00281nam a2200109Ia 4500
008 190216s9999||||xx |||||||||||||| ||und||
100 _aRoy Dasguptha&Amp;Roy
245 0 _aPrinciples Of Political Science
260 _bMagmillan &co Ltd
650 _aPolitical Science
942 _cBK
999 _c34739
_d34739